All about your skin, hair, and teeth / (Record no. 263)

MARC details
000 -LEADER
fixed length control field 01339pam a2200409 a 4500
005 - DATE AND TIME OF LATEST TRANSACTION
control field 20260322212013.0
008 - FIXED-LENGTH DATA ELEMENTS--GENERAL INFORMATION
fixed length control field data
010 ## - LIBRARY OF CONGRESS CONTROL NUMBER
LC control number 90010050
020 ## - INTERNATIONAL STANDARD BOOK NUMBER
International Standard Book Number 0811427838
020 ## - INTERNATIONAL STANDARD BOOK NUMBER
International Standard Book Number 9780811427838
040 ## - CATALOGING SOURCE
Original cataloging agency DLC
Transcribing agency DLC
Modifying agency DLC
042 ## - AUTHENTICATION CODE
Authentication code lcac
050 00 - LIBRARY OF CONGRESS CALL NUMBER
Classification number QP88.5
Item number .B34 1990
082 00 - DEWEY DECIMAL CLASSIFICATION NUMBER
Classification number 612.7/9
Edition information 20
092 ## - LOCALLY ASSIGNED DEWEY CALL NUMBER (OCLC)
Classification number 612.7 B34 1990
001 - CONTROL NUMBER
control field data
100 1# - MAIN ENTRY--PERSONAL NAME
Personal name Bailey, Donna.
245 10 - TITLE STATEMENT
Title All about your skin, hair, and teeth /
Statement of responsibility, etc. Donna Bailey & Bridget Ardley.
260 ## - PUBLICATION, DISTRIBUTION, ETC.
Place of publication, distribution, etc. Austin, Tex. :
Name of publisher, distributor, etc. Steck-Vaughn Library,
Date of publication, distribution, etc. c1991.
300 ## - PHYSICAL DESCRIPTION
Extent 48 p. :
Other physical details ill. (some col.) ;
Dimensions 25 cm.
490 1# - SERIES STATEMENT
Series statement Health facts
500 ## - GENERAL NOTE
General note Rev. ed. of: Skin, hair, and teeth / Bridget and Neil Ardley. 1988.
500 ## - GENERAL NOTE
General note Includes index.
520 ## - SUMMARY, ETC.
Summary, etc. Describes the functions, characteristics, disorders, and care of skin, teeth, and hair.
650 #0 - SUBJECT ADDED ENTRY--TOPICAL TERM
Topical term or geographic name entry element Skin
General subdivision Juvenile literature.
650 #0 - SUBJECT ADDED ENTRY--TOPICAL TERM
Topical term or geographic name entry element Hair
General subdivision Juvenile literature.
650 #0 - SUBJECT ADDED ENTRY--TOPICAL TERM
Topical term or geographic name entry element Teeth
General subdivision Juvenile literature.
650 #1 - SUBJECT ADDED ENTRY--TOPICAL TERM
Topical term or geographic name entry element Skin.
650 #1 - SUBJECT ADDED ENTRY--TOPICAL TERM
Topical term or geographic name entry element Hair.
650 #1 - SUBJECT ADDED ENTRY--TOPICAL TERM
Topical term or geographic name entry element Teeth.
700 1# - ADDED ENTRY--PERSONAL NAME
Personal name Ardley, Bridget.
Title of a work Skin, hair, and teeth.
740 0# - ADDED ENTRY--UNCONTROLLED RELATED/ANALYTICAL TITLE
Uncontrolled related/analytical title Skin, hair, and teeth.
800 1# - SERIES ADDED ENTRY--PERSONAL NAME
Personal name Bailey, Donna.
Title of a work Health facts.
906 ## - LOCAL DATA ELEMENT F, LDF (RLIN)
a 7
b cbc
c orignew
d 1
e ocip
f 19
g y-gencatlg
991 ## -
-- c-GenColl
-- QP88.5
-- .B34 1990
-- 00022587894
-- Copy 1
-- BOOKS
Holdings
Withdrawn status Lost status Damaged status Not for loan Home library Current library Shelving location Date acquired Total checkouts Full call number Barcode Date last seen Price effective from Koha item type
        Centerville Centerville General stacks 22/03/2026   612.7/9 20 BC0010272 22/03/2026 22/03/2026 Books